| 000 | 00760nam a2200193Ia 4500 | ||
|---|---|---|---|
| 003 | GCL | ||
| 008 | 140319s9999 xx 000 0 ara d | ||
| 040 |
_aGCL / _cGCL |
||
| 082 | 0 | 4 |
_a241 _bع ت |
| 100 | 1 | _aعبدالمنعم الحفنى | |
| 245 | 1 | 0 |
_aتجليات فى اسماء الله الحسنى: جماع الاسماء الشريفه فى القران والحديث وعند السلف الصالح, وعددها, مائتان, وفلسفه كل اسم وادابه / _cعبدالمنعم الحفنى |
| 300 | _a516 ص | ||
| 490 |
_aالهيئة العامة للاستعلامات _v0 |
||
| 650 | 0 | 4 | _aالاسلام |
| 650 | 0 | 4 | _aالله |
| 650 | 0 | 4 | _aالاسماء الحسنى |
| 650 | 0 | 4 | _aالقران الكريم |
| 942 |
_2ddc _cBK |
||
| 999 |
_c51819 _d51819 |
||